[Event "Steinfurt Bezirksliga 0809"]
[Site "Germany"]
[Date "2009.05.09"]
[Round "9.3"]
[White "Keller, Hansjuergen"]
[Black "Sablin, Juriy"]
[Result "1/2-1/2"]
[WhiteElo "1629"]
[BlackElo "1661"]
[PlyCount "76"]
[EventDate "2008.09.27"]
[EventType "team-tourn"]
[EventRounds "9"]
[EventCountry "GER"]
[SourceTitle "EXT 2010"]
[Source "ChessBase"]
[SourceDate "2010.11.25"]
[SourceVersion "1"]
[SourceVersionDate "2010.11.25"]
[SourceQuality "1"]
[WhiteTeam "Nordwalde II"]
[BlackTeam "Ibbenbueren II"]
[WhiteTeamCountry "GER"]
[BlackTeamCountry "GER"]

1. d4 g6 2. Nf3 Bg7 3. Bf4 d6 4. e3 Nf6 5. Be2 Nh5 6. Bg5 h6 7. Bh4 g5 8. Nfd2 Nf6 9. Bg3 Bf5 10. c4 c5 11. Nc3 Nc6 12. Nb3 cxd4 13. Nxd4 Nxd4 14. exd4 Ne4 15. Bf3 Nxg3 16. hxg3 0-0 17. Qd2 Qb6 18. Rd1 Rfe8 19. Nd5 Qd8 20. 0-0 Rb8 21. Ne3 Bg6 22. Qb4 e6 23. b3 b6 24. g4 Qc7 25. Qd2 Rbd8 26. d5 e5 27. Nf5 e4 28. Be2 Bxf5 29. gxf5 Be5 30. Bg4 Qc5 31. Rde1 Bf4 32. Qc2 e3 33. fxe3 Bxe3+ 34. Kh1 Qd4 35. Qd1 Qc5 36. Qd3 Re5 37. f6 Qd4 38. Qxd4 Bxd4 1/2-1/2

[Event "Steinfurt Bezirksliga 0809"]
[Site "Germany"]
[Date "2008.10.25"]
[Round "2.3"]
[White "Sablin, Juriy"]
[Black "Plagge, Christian"]
[Result "1/2-1/2"]
[WhiteElo "1661"]
[BlackElo "1555"]
[PlyCount "82"]
[EventDate "2008.09.27"]
[EventType "team-tourn"]
[EventRounds "9"]
[EventCountry "GER"]
[SourceTitle "EXT 2010"]
[Source "ChessBase"]
[SourceDate "2010.11.25"]
[SourceVersion "1"]
[SourceVersionDate "2010.11.25"]
[SourceQuality "1"]
[WhiteTeam "Ibbenbueren II"]
[BlackTeam "Emsdetten Turm III"]
[WhiteTeamCountry "GER"]
[BlackTeamCountry "GER"]

1. e4 c5 2. Nf3 d6 3. d4 cxd4 4. Nxd4 Nf6 5. Bd3 g6 6. 0-0 Bg7 7. h3 0-0 8. c3 Nc6 9. Be3 Bd7 10. Nd2 d5 11. Nxc6 Bxc6 12. e5 Nd7 13. f4 e6 14. Nf3 a6 15. Nd4 Qc7 16. b4 b5 17. Qc2 Nb6 18. Qf2 Bd7 19. Nb3 Nc4 20. Bd4 Rfc8 21. Nc5 a5 22. a3 axb4 23. axb4 Bc6 24. Nb3 Bf8 25. Bxc4 dxc4 26. Bb6 Qb7 27. Na5 Qd7 28. Rad1 Qe8 29. Nxc6 Rxc6 30. Rd2 Be7 31. Rfd1 Rcc8 32. g4 Qc6 33. Bd4 Rd8 34. Qg2 Qxg2+ 35. Kxg2 Ra3 36. Kf2 Rd5 37. Ke2 Kf8 38. Rc2 Ke8 39. Rdd2 Rd8 40. Bb6 Rxd2+ 41. Kxd2 Kd7 1/2-1/2

[Event "Steinfurt Bezirksliga 0708"]
[Site "Germany"]
[Date "2008.04.19"]
[Round "8.3"]
[White "Sablin, Juriy"]
[Black "Boerger, Andreas1"]
[Result "1/2-1/2"]
[WhiteElo "1679"]
[BlackElo "1654"]
[PlyCount "46"]
[EventDate "2007.09.22"]
[EventType "team-tourn"]
[EventRounds "9"]
[EventCountry "GER"]
[SourceTitle "EXT 2009"]
[Source "ChessBase"]
[SourceDate "2008.11.26"]
[SourceVersion "1"]
[SourceVersionDate "2008.11.26"]
[SourceQuality "1"]
[WhiteTeam "Ibbenbueren II"]
[BlackTeam "Reckenfeld"]
[WhiteTeamCountry "GER"]
[BlackTeamCountry "GER"]

1. e4 e6 2. d4 d5 3. Bd3 dxe4 4. Bxe4 Nf6 5. Bf3 c5 6. Be3 cxd4 7. Qxd4 Be7 8. Qa4+ Bd7 9. Qb3 Nc6 10. Ne2 0-0 11. 0-0 Na5 12. Qd3 Bc6 13. Qxd8 Rfxd8 14. Bxc6 Nxc6 15. a3 Rd7 16. Nbc3 Rad8 17. Rad1 Rxd1 18. Rxd1 Rxd1+ 19. Nxd1 Nd5 20. Bc1 b5 21. Kf1 Bd6 22. Ne3 Nce7 23. c4 bxc4 1/2-1/2

[Event "Steinfurt Bezirksliga 0708"]
[Site "Germany"]
[Date "2008.01.19"]
[Round "5.3"]
[White "Radisic, Sascha"]
[Black "Sablin, Juriy"]
[Result "1-0"]
[WhiteElo "1650"]
[BlackElo "1679"]
[PlyCount "125"]
[EventDate "2007.09.22"]
[EventType "team-tourn"]
[EventRounds "9"]
[EventCountry "GER"]
[SourceTitle "EXT 2009"]
[Source "ChessBase"]
[SourceDate "2008.11.26"]
[SourceVersion "1"]
[SourceVersionDate "2008.11.26"]
[SourceQuality "1"]
[WhiteTeam "Steinfurt II"]
[BlackTeam "Ibbenbueren II"]
[WhiteTeamCountry "GER"]
[BlackTeamCountry "GER"]

1. Nf3 d5 2. c4 Nf6 3. g3 e6 4. Bg2 Nc6 5. b3 Bc5 6. cxd5 exd5 7. 0-0 0-0 8. d4 Bd6 9. Bb2 Re8 10. e3 Ne4 11. Nc3 Bg4 12. a3 a6 13. Qc2 Nxc3 14. Qxc3 Qf6 15. Ne1 Be2 16. Bxd5 Bxf1 17. Bxc6 bxc6 18. Kxf1 Re4 19. Qxc6 Rae8 20. Kg2 h5 21. Nf3 g5 22. Qxa6 h4 23. Nd2 R4e6 24. Qe2 Qf5 25. Qh5 Qd5+ 26. Qf3 Qxf3+ 27. Nxf3 hxg3 28. hxg3 f6 29. d5 g4 30. dxe6 gxf3+ 31. Kxf3 Rxe6 32. Rh1 Bf8 33. Rh4 Rb6 34. b4 c5 35. Bc3 Kf7 36. bxc5 Bxc5 37. Bb4 Bxb4 38. Rxb4 Ra6 39. a4 Ke6 40. Kf4 Ra5 41. g4 Kd6 42. e4 Ke6 43. f3 Kd6 44. Ke3 Ke6 45. f4 Ra6 46. Kd4 Kd6 47. Kc4 Kc6 48. e5 fxe5 49. fxe5 Kd7 50. Kd4 Ke6 51. Ke4 Ra5 52. Kf4 Ra6 53. g5 Ra5 54. g6 Ra6 55. Rd4 Ra5 56. Rd6+ Ke7 57. Kf5 Rxa4 58. Rf6 Ra1 59. g7 Rg1 60. Rg6 Rf1+ 61. Ke4 Re1+ 62. Kd4 Rd1+ 63. Kc3 1-0

[Event "Steinfurt Bezirksliga 0607"]
[Site "Germany"]
[Date "2006.11.04"]
[Round "3.3"]
[White "Sablin, Juriy"]
[Black "Richter, Michael2"]
[Result "0-1"]
[WhiteElo "1724"]
[BlackElo "1676"]
[PlyCount "77"]
[EventDate "2006.09.09"]
[EventType "team-tourn"]
[EventRounds "9"]
[EventCountry "GER"]
[SourceTitle "EXT 2008"]
[Source "ChessBase"]
[SourceDate "2007.11.25"]
[SourceVersion "1"]
[SourceVersionDate "2007.11.25"]
[SourceQuality "1"]
[WhiteTeam "Ibbenbueren II"]
[BlackTeam "Reckenfeld"]
[WhiteTeamCountry "GER"]
[BlackTeamCountry "GER"]

1. e4 c5 2. Nf3 d6 3. d4 cxd4 4. Nxd4 Nf6 5. Bd3 g6 6. 0-0 Bg7 7. h3 0-0 8. Be3 a6 9. Nd2 Nc6 10. N4b3 b5 11. a3 Bb7 12. Rb1 Rc8 13. Nf3 Na5 14. Nxa5 Qxa5 15. Re1 Nxe4 16. Bd4 d5 17. Bxg7 Kxg7 18. Bxe4 dxe4 19. Ng5 Rfd8 20. Qc1 Qc7 21. Nxe4 Qxc2 22. Qxc2 Rxc2 23. b3 Rd4 24. f3 Bxe4 25. Rxe4 Rxe4 26. fxe4 Re2 27. Kf1 Rxe4 28. Kf2 a5 29. Rc1 a4 30. Rc5 b4 31. axb4 Rxb4 32. bxa4 Rxa4 33. Re5 Kf6 34. Re3 e5 35. g4 h5 36. Rf3+ Rf4 37. gxh5 Rxf3+ 38. Kxf3 gxh5 39. Kg3 0-1

[Event "Steinfurt Bezirksliga 0304"]
[Site "Germany"]
[Date "2003.11.22"]
[Round "2.8"]
[White "Winkelsett, Carsten"]
[Black "Sablin, Juriy"]
[Result "1/2-1/2"]
[WhiteElo "1530"]
[BlackElo "1808"]
[PlyCount "172"]
[EventDate "2003.10.18"]
[EventType "team-tourn"]
[EventRounds "9"]
[EventCountry "GER"]
[SourceTitle "EXT 2005"]
[Source "ChessBase"]
[SourceDate "2004.11.15"]
[SourceVersion "1"]
[SourceVersionDate "2004.11.15"]
[SourceQuality "1"]
[WhiteTeam "Reckenfeld"]
[BlackTeam "Ibbenbueren II"]
[WhiteTeamCountry "GER"]
[BlackTeamCountry "GER"]

1. d4 f5 2. Nf3 Nf6 3. c4 e6 4. Nc3 Bb4 5. Qb3 Nc6 6. Bf4 d5 7. e3 Qe7 8. c5 a6 9. Be2 b6 10. 0-0 bxc5 11. dxc5 Bxc5 12. Ne5 Nxe5 13. Bxe5 0-0 14. Bxf6 Rxf6 15. Nxd5 Qf7 16. Nxf6+ Qxf6 17. Rac1 Bb6 18. Rfd1 h6 19. Rc6 Qe5 20. Qc3 Qxc3 21. Rd8+ Kf7 22. Rxc3 Ke7 23. Rcd3 c5 24. R3d7+ Bxd7 25. Rxa8 a5 26. Rb8 Bc7 27. Rb7 Kd6 28. Rb3 Bc6 29. Rd3+ Ke5 30. f4+ Kf6 31. Kf2 g5 32. Bf3 Bxf3 33. Kxf3 e5 34. fxe5+ Bxe5 35. Rd5 g4+ 36. Kf2 Bxb2 37. Rxc5 a4 38. Rc4 a3 39. h3 h5 40. hxg4 hxg4 41. Ra4 Bc1 42. e4 f4 43. g3 Ke5 44. gxf4+ Kxf4 45. e5+ Kxe5 46. Rxg4 Kd5 47. Ke2 Kc5 48. Kd3 Kb5 49. Kc2 Bb2 50. Kb3 Kc5 51. Rg5+ Kd4 52. Kb4 Bc1 53. Rg1 Bb2 54. Rd1+ Ke5 55. Kc4 Ke4 56. Re1+ Kf3 57. Re8 Kf4 58. Kd5 Bc1 59. Re4+ Kf5 60. Re1 Bb2 61. Rf1+ Kg5 62. Ke6 Kg4 63. Kd5 Kg3 64. Ke4 Kg2 65. Rf5 Kg3 66. Rf8 Kg2 67. Ke3 Bc1+ 68. Kd3 Bb2 69. Kc2 Kg3 70. Kb3 Kg4 71. Rf2 Kg5 72. Rxb2 axb2 73. Kxb2 Kf5 74. Kc3 Ke5 75. Kc4 Kd6 76. Kb5 Kc7 77. Ka6 Kc6 78. a3 Kc7 79. Ka7 Kc6 80. a4 Kc7 81. a5 Kc6 82. Ka6 Kc7 83. Kb5 Kb7 84. a6+ Ka7 85. Ka5 Kb8 86. Kb6 Ka8 1/2-1/2

[Event "Muensterland Verbandsklasse-A 0203"]
[Site "Muensterland"]
[Date "2003.02.15"]
[Round "6.8"]
[White "Sablin, Juriy"]
[Black "Thesing, Gregor"]
[Result "1-0"]
[WhiteElo "1768"]
[BlackElo "1761"]
[PlyCount "97"]
[EventDate "2002.09.28"]
[EventType "team-tourn"]
[EventRounds "9"]
[EventCountry "GER"]
[SourceTitle "EXT 2004"]
[Source "ChessBase"]
[SourceDate "2003.11.25"]
[SourceVersion "1"]
[SourceVersionDate "2003.11.25"]
[SourceQuality "1"]
[WhiteTeam "Ibbenbueren"]
[BlackTeam "Heiden II"]
[WhiteTeamCountry "GER"]
[BlackTeamCountry "GER"]

1. e4 c6 2. d4 d5 3. Nc3 dxe4 4. Nxe4 Bf5 5. Nc3 e6 6. Nf3 Nd7 7. Bd3 Bxd3 8. Qxd3 Ngf6 9. 0-0 Be7 10. h3 Qc7 11. Ne4 Nxe4 12. Qxe4 Nf6 13. Qe2 0-0 14. Re1 Rfd8 15. c3 h6 16. Ne5 Nd7 17. Nxf7 Kxf7 18. Qxe6+ Kf8 19. Qxe7+ Kg8 20. Qh4 Qd6 21. Bf4 Qf6 22. Qxf6 Nxf6 23. Re7 Rd7 24. Rae1 Rxe7 25. Rxe7 Nd5 26. Re4 Kf7 27. Be5 Re8 28. f4 Kg6 29. g4 h5 30. f5+ Kg5 31. Bf4+ Nxf4 32. Rxe8 Nxh3+ 33. Kh2 hxg4 34. Re7 Nf4 35. Rxg7+ Kxf5 36. Kg1 b5 37. Rc7 Nd3 38. b3 Nc1 39. Rxa7 Ne2+ 40. Kf2 Nxc3 41. Ke3 Nd5+ 42. Kd2 g3 43. Ke2 Ke4 44. a4 Nc3+ 45. Kf1 Kxd4 46. a5 Kc5 47. Rb7 b4 48. a6 Nb5 49. Rxb5+ 1-0